000 00350 a2200145 4500
005 20250312101211.0
082 _a330.03 SLO
100 _aSLOAN, H. S.
245 _aA Dictionary of Economics
250 _a4th Ed.
260 _aNew York,
_bBarnes,
_c1873.
300 _axii, 369p.: ill.; table.
_c21cm.
700 _aZURCHER, A. J.
942 _2ddc
_cBKS
999 _c441
_d441